MAMA'S SCENT / (Record no. 204711)

MARC details
000 -LEADER
fixed length control field 01097nam a2200289 i 4500
005 - DATE AND TIME OF LATEST TRANSACTION
control field 20260701113002.0
008 - FIXED-LENGTH DATA ELEMENTS--GENERAL INFORMATION
fixed length control field 260630s2025 maua br 000 1 eng d
020 ## - INTERNATIONAL STANDARD BOOK NUMBER
International Standard Book Number 9781623716462
Terms of availability RM110.00
Qualifying information hardback
040 ## - CATALOGING SOURCE
Original cataloging agency PPAK
Language of cataloging eng
Transcribing agency PPAK
Description conventions rda
082 04 - DEWEY DECIMAL CLASSIFICATION NUMBER
Edition number 23
Classification number 892.737
090 00 - LOCALLY ASSIGNED LC-TYPE CALL NUMBER (OCLC); LOCAL CALL NUMBER (RLIN)
Classification number (OCLC) (R) ; Classification number, CALL (RLIN) (NR) 892.737
Feature heading MAH
Feature heading K
100 1# - MAIN ENTRY--PERSONAL NAME
Personal name Mahfouz, Sahar Naja,
Relator term author.
245 10 - TITLE STATEMENT
Title MAMA'S SCENT /
Statement of responsibility, etc. ILLUSTRATED BY BARAA AWOOR ; WRITTEN BY SAHAR NAJA MAHFOUZ
246 33 - VARYING FORM OF TITLE
Display text Translation of:
Title proper/short title عطر أمي
264 #1 - PRODUCTION, PUBLICATION, DISTRIBUTION, MANUFACTURE, AND COPYRIGHT NOTICE
Place of production, publication, distribution, manufacture Northampton, Massachusetts :
Name of producer, publisher, distributor, manufacturer Crocodile Books,
Date of production, publication, distribution, manufacture, or copyright notice 2025
300 ## - PHYSICAL DESCRIPTION
Extent 20 unnumbered pages :
Other physical details colour illustrations ;
Dimensions 26 cm
336 ## - CONTENT TYPE
Content type term text
Source rdacontent
337 ## - MEDIA TYPE
Media type term unmediated
Source rdamedia
338 ## - CARRIER TYPE
Carrier type term volume
Source rdacarrier
500 ## - GENERAL NOTE
General note First published in Arabic as عطر أمي in 2021.
546 ## - LANGUAGE NOTE
Language note Translated from the Arabic.
650 10 - SUBJECT ADDED ENTRY--TOPICAL TERM
Topical term or geographic name entry element Children's stories, Arabic
Form subdivision Translations into English.
Topical term or geographic name entry element English fiction
Form subdivision Translations from Arabic.
Topical term or geographic name entry element Mother and child
Form subdivision Juvenile fiction.
700 1# - ADDED ENTRY--PERSONAL NAME
Personal name Awoor, Baraa,
Relator term illustrator.
942 ## - ADDED ENTRY ELEMENTS (KOHA)
Source of classification or shelving scheme Dewey Decimal Classification
Koha item type Book

No items available.